00981pam a2200217 a 4500999001500000001000500015003000900020005001700029008004100046040002800087082001900115100002400134245026100158260009400419300002400513650004600537700002500583700002600608942001200634952011700646 c5827d58271367BD-DhUAP20201221145948.0201221s1996 us a b 001 0 eng  aDLCcDLCdBD-DhUAPbeng00a657.07 CAL2231 aCalderon, Thomas G.10aA framework for encouraging effective teaching : breport of the committee on promoting and evaluating effective teaching : teaching and curriculum section, American accounting association /cThomas G. Calderon, Alexander L. Gabbin and Brian Patrick Green. aVirginia :bCenter for research in accounting education James Madison University,cc1996. a214 pages ;c23 cm. 0aAccounting xStudy and teaching (Higher).1 aGabbin, Alexander L.1 aGreen, Brian Patrick. 2ddccBK 00102ddc4070aUAPCLbUAPCLcGeneral Stacksd2020-12-21o657.07 CALp3010001367r2020-12-21t1w2020-12-21yBK